<The> Economics of transition

Salvato in:
Dettagli Bibliografici
Natura: Periodico
Lingua:inglese
Pubblicazione: Oxford John Wiley & Sons Ltd 2012
Soggetti:
Tags: Aggiungi Tag
Nessun Tag, puoi essere il primo ad aggiungerne!!

MARC

LEADER 00000nas2a2200000 4500
001 0228046
005 20170310101122.5
022 |a 0967-0750 
041 0 |a eng 
044 |a GB 
245 1 0 |a <The> Economics of transition 
264 1 |a Oxford  |b John Wiley & Sons Ltd  |c 2012 
773 0 |w eu_un_cat*s120443 
610 2 0 |a reformy hospodárske 
610 2 0 |a SVE 
610 2 0 |a hospodárstvo trhové 
610 2 0 |a vývoj hospodársky